000 00362nam a2200145Ia 4500
008 191201s2009 xx 000 0 und d
082 _a659
_bCHT
100 _aCHOWDHARY, Nimit
245 0 _aTextbook of Marketing of Services:The Indian Experience
250 _aRep.
260 _aN.Delhi
_bMacmillan
_c2009
300 _a445
650 _aMBA
942 _2ddc
_cBK
999 _c4035
_d4035